000 00788nam a2200217 i 4500
001 bg
245 0 0 _aĆwiczenia laboratoryjne z inżynierii chemicznej /
_cpraca zbiorowa Instytutu Inżynierii Chemicznej i Chemii Fizycznej.
250 _aWyd.3 poszerz.
260 _aKraków :
_bPK,
_c1994.
300 _a429 s., [1] k. tabl. złoż. :
_brys., wykr. ;
_c24 cm.
490 1 _aSkrypt / Politechnika Krakowska im. Tadeusza Kościuszki
521 _aSkrypt dla studentów wyższych szkół technicznych.
650 9 _aTechnologia chemiczna
655 _aPodręczniki akademickie
830 0 _aSkrypt (Politechnika Krakowska im. Tadeusza Kościuszki)
040 _cBPK
041 0 _apl
080 _a66.01/09](075.8)(076)
942 _cKS
008 s pl f |000 0 pol
999 _c6672
_d6672
856 _uhttp://koha.tu.koszalin.pl/cgi-bin/koha/opac-detail.pl?biblionumber=6672
_yKatalog online BPK